| 000 | 00756cam a2200229 4500 | ||
|---|---|---|---|
| 001 | ABS64106 | ||
| 008 | 000000n2001 000 0 eng u | ||
| 035 | _a(Sirsi) u113023 | ||
| 100 | _aWillcocks, D. | ||
| 245 | _aE-business hubs look long term | ||
| 260 | _c2001 | ||
| 490 |
_aEstates Gazette _v(0122) 2 June 2001, 135(1) |
||
| 520 | _aLooks at the decline of the telehousing sector following the dot.com clearout but suggests that there are benefits to be gained for long-term investors who exploit the growing use of the internet. | ||
| 590 | _aABS | ||
| 650 | _aE-COMMERCE | ||
| 650 | _aMARKET TRENDS | ||
| 650 | _aTELEHOTELS | ||
| 650 | _aTELEHOUSING | ||
| 650 | _aDATA CENTRES | ||
| 690 | _aPROPERTY-COMMERCIAL PROPERTY | ||
| 942 | _n0 | ||
| 999 |
_c67270 _d67270 |
||